| 000 | 00822nam a2200253 i 4500 | ||
|---|---|---|---|
| 001 | 21543 | ||
| 003 | ES-MaACL | ||
| 005 | 20250430203727.0 | ||
| 007 | t| | ||
| 008 | 021126s1978 sp ||||1| spa d | ||
| 020 | _a84-03-04082-2 | ||
| 080 | _a821.134.2-14"19" | ||
| 100 | 1 |
_aAlberti, Rafael, _d1902-1999 _9240174 |
|
| 245 | 1 | 3 |
_aEl poeta de la calle : _b(obra civil) / _cRafael Alberti ; con un poema de Pablo Neruda ; edición al cuidado de Aitana Alberti. |
| 250 | _a1ª ed. | ||
| 260 |
_aMadrid : _bAguilar, _c1978. |
||
| 300 |
_a1031 p. ; _c19 cm. |
||
| 490 | 1 | _aBiblioteca de autores modernos | |
| 700 | 1 |
_aNeruda, Pablo, _d1904-1973 _985398 |
|
| 700 | 1 |
_aAlberti, Aitana. _919334 |
|
| 830 | 1 |
_aBiblioteca de autores modernos _9180767 |
|
| 852 | 4 |
_aES-MaACL _jA-8622 |
|
| 999 |
_c21543 _d21543 |
||